000
00192nam a22000857a 4500
003
SGT
245
_a
INTERNATIONAL JOURNAL OF INTELLIGENT INFORMATION PROCESSING
260
_c
2014
942
_2
ddc
_c
BV
999
_c
21473
_d
21473